| 000 | 00657nam a22001937a 4500 | ||
|---|---|---|---|
| 999 |
_c21025 _d21025 |
||
| 003 | AR-CdUCM | ||
| 008 | 190724b ||||| |||| 00| 0 spa d | ||
| 040 |
_aMUNICIPALIDAD PROVINCIAL DEL CUSCO _cBIBLIOTECA MUNICIPAL DEL CUSCO |
||
| 082 |
_a869 / _bSO72 |
||
| 100 |
_aSouto, Arturo _943816 |
||
| 245 | _aLiteratura y sociedad / | ||
| 260 |
_aMéxico : _bLatinoamericano, _c1973. |
||
| 300 |
_a53 páginas ; _c21 cm. |
||
| 500 | _aPrograma de información de profesores asociación nacional de universidades e institutos de enseñanza superior | ||
| 650 |
_aLiteratura _983 |
||
| 650 |
_aLatinoamericano _914623 |
||
| 942 |
_2ddc _cFOLLETOS |
||
| 945 | _azta | ||